<?xml version="1.0" encoding="UTF-8"?>
<record
    xmlns:xsi="http://www.w3.org/2001/XMLSchema-instance"
    xsi:schemaLocation="http://www.loc.gov/MARC21/slim http://www.loc.gov/standards/marcxml/schema/MARC21slim.xsd"
    xmlns="http://www.loc.gov/MARC21/slim">

  <leader>01751nam0a2200385   4500</leader>
  <controlfield tag="001">RU\NLR\bibl\27138</controlfield>
  <controlfield tag="005">20260405104829.0</controlfield>
  <datafield tag="010" ind1=" " ind2=" ">
    <subfield code="a">5-200-02298-3</subfield>
    <subfield code="9">8000</subfield>
  </datafield>
  <datafield tag="035" ind1=" " ind2=" ">
    <subfield code="a">(NLR Aleph) 000026445</subfield>
  </datafield>
  <datafield tag="090" ind1=" " ind2=" ">
    <subfield code="a">128328</subfield>
    <subfield code="c">128328</subfield>
  </datafield>
  <datafield tag="100" ind1=" " ind2=" ">
    <subfield code="a">19990513d1998    |||y0rusy50      ca</subfield>
  </datafield>
  <datafield tag="101" ind1="0" ind2=" ">
    <subfield code="a">rus</subfield>
    <subfield code="a">eng</subfield>
  </datafield>
  <datafield tag="102" ind1=" " ind2=" ">
    <subfield code="a">RU</subfield>
  </datafield>
  <datafield tag="105" ind1=" " ind2=" ">
    <subfield code="a">|||||||||||||</subfield>
  </datafield>
  <datafield tag="200" ind1="1" ind2=" ">
    <subfield code="a">&#x410;&#x432;&#x441;&#x442;&#x440;&#x430;&#x43B;&#x438;&#x44F; &#x438; &#x41D;&#x43E;&#x432;&#x430;&#x44F; &#x417;&#x435;&#x43B;&#x430;&#x43D;&#x434;&#x438;&#x44F;</subfield>
    <subfield code="d">Dictionary of Australia and New Zealand</subfield>
    <subfield code="e">&#x41B;&#x438;&#x43D;&#x433;&#x432;&#x43E;&#x441;&#x442;&#x440;&#x430;&#x43D;&#x43E;&#x432;&#x435;&#x434;&#x447;. &#x441;&#x43B;&#x43E;&#x432;.</subfield>
    <subfield code="e">&#x41E;&#x43A;. 5000 &#x435;&#x434;&#x438;&#x43D;&#x438;&#x446;</subfield>
    <subfield code="f">[&#x414;. &#x444;&#x438;&#x43B;&#x43E;&#x43B;. &#x43D;. &#x412;.&#x412;. &#x41E;&#x449;&#x435;&#x43F;&#x43A;&#x43E;&#x432;&#x430; &#x438; &#x434;&#x440;.]</subfield>
    <subfield code="g">&#x41F;&#x43E;&#x434; &#x43E;&#x431;&#x449;. &#x440;&#x443;&#x43A;. &#x434;.&#x444;&#x438;&#x43B;&#x43E;&#x43B;.&#x43D;. &#x412;.&#x412;. &#x41E;&#x449;&#x435;&#x43F;&#x43A;&#x43E;&#x432;&#x43E;&#x439; &#x438; &#x43A;.&#x444;&#x438;&#x43B;&#x43E;&#x43B;.&#x43D;. &#x410;.&#x421;. &#x41F;&#x435;&#x442;&#x440;&#x438;&#x43A;&#x43E;&#x432;&#x43E;&#x439;</subfield>
  </datafield>
  <datafield tag="210" ind1=" " ind2=" ">
    <subfield code="a">&#x41C;.</subfield>
    <subfield code="c">&#x420;&#x443;&#x441;. &#x44F;&#x437;.</subfield>
    <subfield code="d">1998</subfield>
  </datafield>
  <datafield tag="215" ind1=" " ind2=" ">
    <subfield code="a">213 &#x441;., [11] &#x43B;. &#x446;&#x432;. &#x438;&#x43B;.</subfield>
  </datafield>
  <datafield tag="320" ind1=" " ind2=" ">
    <subfield code="a">&#x411;&#x438;&#x431;&#x43B;&#x438;&#x43E;&#x433;&#x440;.: &#x441;. 15-18 &#x438; &#x432; &#x43F;&#x43E;&#x434;&#x441;&#x442;&#x440;&#x43E;&#x447;. &#x43F;&#x440;&#x438;&#x43C;.</subfield>
  </datafield>
  <datafield tag="510" ind1="0" ind2=" ">
    <subfield code="a">Dictionary of Australia and New Zealand</subfield>
    <subfield code="z">eng</subfield>
  </datafield>
  <datafield tag="606" ind1="0" ind2=" ">
    <subfield code="a">&#x410;&#x43D;&#x433;&#x43B;&#x438;&#x439;&#x441;&#x43A;&#x438;&#x439; &#x44F;&#x437;&#x44B;&#x43A;</subfield>
    <subfield code="x">&#x41B;&#x438;&#x43D;&#x433;&#x432;&#x43E;&#x441;&#x442;&#x440;&#x430;&#x43D;&#x43E;&#x432;&#x435;&#x434;&#x447;&#x435;&#x441;&#x43A;&#x438;&#x435; &#x441;&#x43B;&#x43E;&#x432;&#x430;&#x440;&#x438;</subfield>
    <subfield code="x">&#x420;&#x443;&#x441;&#x441;&#x43A;&#x438;&#x439; &#x44F;&#x437;&#x44B;&#x43A;</subfield>
    <subfield code="9">2074752</subfield>
    <subfield code="3">RU\NLR\auth\661249764</subfield>
  </datafield>
  <datafield tag="607" ind1=" " ind2=" ">
    <subfield code="a">&#x410;&#x432;&#x441;&#x442;&#x440;&#x430;&#x43B;&#x438;&#x44F;</subfield>
    <subfield code="j">&#x421;&#x43B;&#x43E;&#x432;&#x430;&#x440;&#x438;</subfield>
    <subfield code="9">1013037</subfield>
    <subfield code="3">RU\NLR\auth\6668294</subfield>
  </datafield>
  <datafield tag="607" ind1=" " ind2=" ">
    <subfield code="a">&#x41D;&#x43E;&#x432;&#x430;&#x44F; &#x417;&#x435;&#x43B;&#x430;&#x43D;&#x434;&#x438;&#x44F;</subfield>
    <subfield code="j">&#x421;&#x43B;&#x43E;&#x432;&#x430;&#x440;&#x438;</subfield>
    <subfield code="9">1084116</subfield>
    <subfield code="3">RU\NLR\auth\66105281</subfield>
  </datafield>
  <datafield tag="686" ind1=" " ind2=" ">
    <subfield code="a">&#x414;890(82)&#x44F;21</subfield>
  </datafield>
  <datafield tag="686" ind1=" " ind2=" ">
    <subfield code="a">&#x414;890(87&#x41D;&#x432;&#x417;)&#x44F;21</subfield>
  </datafield>
  <datafield tag="686" ind1=" " ind2=" ">
    <subfield code="a">&#x428;143.21-491</subfield>
  </datafield>
  <datafield tag="701" ind1=" " ind2="1">
    <subfield code="4">070</subfield>
    <subfield code="8">rus</subfield>
    <subfield code="7">ca</subfield>
    <subfield code="a">&#x41E;&#x449;&#x435;&#x43F;&#x43A;&#x43E;&#x432;&#x430;</subfield>
    <subfield code="b">&#x412;. &#x412;.</subfield>
    <subfield code="g">&#x412;&#x438;&#x43A;&#x442;&#x43E;&#x440;&#x438;&#x44F; &#x412;&#x43B;&#x430;&#x434;&#x438;&#x43C;&#x438;&#x440;&#x43E;&#x432;&#x43D;&#x430;</subfield>
    <subfield code="3">RU\NLR\auth\7740222</subfield>
    <subfield code="9">23174</subfield>
  </datafield>
  <datafield tag="701" ind1=" " ind2="1">
    <subfield code="a">&#x41F;&#x435;&#x442;&#x440;&#x438;&#x43A;&#x43E;&#x432;&#x441;&#x43A;&#x430;&#x44F;</subfield>
    <subfield code="b">&#x410;. &#x421;.</subfield>
    <subfield code="4">070</subfield>
  </datafield>
  <datafield tag="801" ind1=" " ind2="0">
    <subfield code="a">RU</subfield>
    <subfield code="b">NLR</subfield>
    <subfield code="c">19990513</subfield>
    <subfield code="g">PSBO</subfield>
  </datafield>
  <datafield tag="801" ind1=" " ind2="1">
    <subfield code="a">RU</subfield>
    <subfield code="b">NLR</subfield>
    <subfield code="c">19990513</subfield>
  </datafield>
  <datafield tag="852" ind1=" " ind2=" ">
    <subfield code="a">NLR</subfield>
    <subfield code="j">&#x421; &#x41A;-2/7458</subfield>
  </datafield>
  <datafield tag="942" ind1=" " ind2=" ">
    <subfield code="c">BOOK</subfield>
  </datafield>
  <datafield tag="980" ind1=" " ind2=" ">
    <subfield code="a">NB</subfield>
  </datafield>
  <datafield tag="995" ind1=" " ind2=" ">
    <subfield code="5">2005-02-09</subfield>
    <subfield code="a">az</subfield>
    <subfield code="b">NLR01</subfield>
    <subfield code="c">NLR01</subfield>
    <subfield code="e">OZ2</subfield>
    <subfield code="f">1-227158</subfield>
    <subfield code="k">&#x41B;1 &#x428;143.21-49/&#x410;-222</subfield>
    <subfield code="o">0</subfield>
    <subfield code="p">51.00</subfield>
    <subfield code="r">BOOK</subfield>
    <subfield code="s">1_1432149222</subfield>
  </datafield>
  <datafield tag="995" ind1=" " ind2=" ">
    <subfield code="5">2019-10-25</subfield>
    <subfield code="b">NLR01</subfield>
    <subfield code="c">NLR01</subfield>
    <subfield code="e">CSB</subfield>
    <subfield code="f">1-2820799</subfield>
    <subfield code="k">&#x421; &#x41A;-2/7458</subfield>
    <subfield code="o">0</subfield>
    <subfield code="r">BOOK</subfield>
    <subfield code="s">_27458</subfield>
  </datafield>
  <datafield tag="995" ind1=" " ind2=" ">
    <subfield code="5">2019-10-25</subfield>
    <subfield code="b">NLR01</subfield>
    <subfield code="c">NLR01</subfield>
    <subfield code="e">CSB</subfield>
    <subfield code="f">1-2820800</subfield>
    <subfield code="k">&#x421; &#x41A;-2/7458</subfield>
    <subfield code="o">0</subfield>
    <subfield code="r">BOOK</subfield>
    <subfield code="s">_27458</subfield>
  </datafield>
</record>
